000 00953nam a2200241 4500
999 _c65454
_d65454
005 20240530110825.0
008 190805s2006 ua g b 000 0 ara d
017 _a2006/7455
_bمصر. دار الكتب
020 _a9774081269
040 _aEG-CaGPL
_cEG-CaGPL
082 0 4 _221
_a243/
_bم أ
100 0 _aتاليف محمد عبدالحكيم حامد
245 1 0 _aائمة التكفير :
_bظاهرة التكفير فى العصر الحاضر اصولها الفكرية وطرق علاجها /
_cمحمد عبدالحكيم حامد ؛ تقديم على جمعة
250 _aط.1
260 _aالقاهرة :
_bدار الفاروق للنشر والتوزيع،
_c2006
300 _a464 ص. ؛
_c24 سم +
_eملاحق.
650 0 7 _2qrmak
_aالتكفير
651 _2qrmak
653 0 _aالتكفير - ائمة
700 0 _aعلى جمعة
_eمقدم
942 _2ddc
_cBK